Zásoby v podvojnom účtovníctve vybraného podniku bakalárska práca

Salvato in:
Dettagli Bibliografici
Autore principale: Goliašová, Ivana
Ente Autore: Podnikovohospodárska fakulta EU so sídlom v Košiciach. Katedra finančného riadenia podniku
Altri autori: Manová, Eva, 1957-
Natura: Libro
Lingua:slovacco
Pubblicazione: Košice 2018
Tags: Aggiungi Tag
Nessun Tag, puoi essere il primo ad aggiungerne!!

MARC

LEADER 00000nbm a2200000 4500
001 0245691
005 20181018110134.9
041 0 |a slo 
044 |a SK 
245 1 0 |a Zásoby v podvojnom účtovníctve vybraného podniku  |b bakalárska práca  |c Ivana Goliašová ; školiteľ: Eva Manová 
264 1 |a Košice  |c 2018 
300 |a 50 s. 
100 1 |a Goliašová, Ivana 
700 1 |a Manová, Eva, 1957- 
710 2 |a Podnikovohospodárska fakulta EU so sídlom v Košiciach. Katedra finančného riadenia podniku